| 000 -LEADER |
| fixed length control field |
00526nam a2200157 4500 |
| 008 - FIXED-LENGTH DATA ELEMENTS--GENERAL INFORMATION |
| fixed length control field |
190429b ||||| |||| 00| 0 eng d |
| 100 ## - MAIN ENTRY--PERSONAL NAME |
| Personal name |
Mishra, Pragatika |
| 245 ## - TITLE STATEMENT |
| Title |
Effects of Deen Dayal Upadhyaya Grameen Kaushalya Yojna (DDU-GKY) on employment and income in Keonjhar district of Odisha |
| 260 ## - PUBLICATION, DISTRIBUTION, ETC. (IMPRINT) |
| Date of publication, distribution, etc |
2018 |
| 300 ## - PHYSICAL DESCRIPTION |
| Extent |
p.253-263. |
| 650 ## - SUBJECT ADDED ENTRY--TOPICAL TERM |
| Topical term or geographic name as entry element |
Deen Dayal Upadhyaya Grameen Kaushalya Yojana |
| 9 (RLIN) |
4927 |
| 700 ## - ADDED ENTRY--PERSONAL NAME |
| Relator term |
Jena, Pratap Kumar |
| 9 (RLIN) |
4928 |
| 773 ## - HOST ITEM ENTRY |
| Main entry heading |
Productivity |
| 906 ## - LOCAL DATA ELEMENT F, LDF (RLIN) |
| Subject DIP |
Employment |
| 942 ## - ADDED ENTRY ELEMENTS (KOHA) |
| Source of classification or shelving scheme |
|
| Item type |
Articles |